000 01201nam a22002537a 4500
003 Uzh_bibl
008 260323b |||||||| |||| 00| 0 ukr d
020 _a966-7784-59-2
_c24,50
040 _bукр.
041 _2ukr
_aukr
080 _a34
090 _a34
_bП-68
100 _a-
245 _aПравознавство
_hТекст
260 _aКиїв
_bЮрінком Інтер
_c2001
300 _a640 с.
_fВ опр.
520 _aУ посібнику в формі доступних лекцій дається історія виникнення держави і права, розкриваються поняття держави, права, правотворення, правореалізації, законності й правопорядку, правомірної та протиправної поведінки, юридичної відповідальності.
521 _aДля широкого кола читачів
546 _aукр.
650 _aНачальне видання
653 _aОснови господарського права України
655 _aНавчальна література
942 _2udc
_cBK
999 _c17153
_d17153